| 000 | 00626nam a2200229Ia 4500 | ||
|---|---|---|---|
| 003 | OSt | ||
| 005 | 20220928143027.0 | ||
| 006 | a|||||r|||| 00| 0 | ||
| 007 | ta | ||
| 008 | 220927b |||||||| |||| 00| 0 eng d | ||
| 024 | _a20422 | ||
| 037 | _cTextual | ||
| 040 |
_aSDCL _cSDCL _beng |
||
| 041 |
_2eng _aeng |
||
| 082 | _aE:3:(D65264), M8 | ||
| 100 |
_aKingston H M Ed. _9504124 |
||
| 245 | 0 | _aIntroduction to microwave sample preparation. | |
| 260 | _c1988 | ||
| 700 |
_a Jassie L B Ed. _9504125 |
||
| 942 |
_hE:3:(D65264), M8 _cTEXL _2CC |
||
| 999 |
_c822541 _d822541 |
||